The Reformation : (Record no. 2697)
[ view plain ]
| 000 -LEADER | |
|---|---|
| fixed length control field | 00626nam a22002297a 4500 |
| 003 - CONTROL NUMBER IDENTIFIER | |
| control field | ARcadia |
| 005 - DATE AND TIME OF LATEST TRANSACTION | |
| control field | 20140310181739.0 |
| 008 - FIXED-LENGTH DATA ELEMENTS--GENERAL INFORMATION | |
| fixed length control field | 130322t xxu||||| |||| 00| 0 eng d |
| 020 ## - INTERNATIONAL STANDARD BOOK NUMBER | |
| International Standard Book Number | 0679643230 (alk. paper) |
| 050 ## - LIBRARY OF CONGRESS CALL NUMBER | |
| Classification number | BR 305.3 |
| Item number | .C64 2006 |
| 082 ## - DEWEY DECIMAL CLASSIFICATION NUMBER | |
| Classification number | TR 270.6 |
| Item number | C69 2006 |
| 100 ## - MAIN ENTRY--PERSONAL NAME | |
| Personal name | Collinson, Patrick |
| 9 (RLIN) | 961 |
| 245 ## - TITLE STATEMENT | |
| Title | The Reformation : |
| Remainder of title | a history / |
| Statement of responsibility, etc | Patrick Collinson |
| 250 ## - EDITION STATEMENT | |
| Edition statement | Modern Library ed. |
| 260 ## - PUBLICATION, DISTRIBUTION, ETC. (IMPRINT) | |
| Place of publication, distribution, etc | New York : |
| Name of publisher, distributor, etc | Modern Library, |
| Date of publication, distribution, etc | c2004. |
| 300 ## - PHYSICAL DESCRIPTION | |
| Extent | 238 p. : |
| Dimensions | 19 cm. |
| 521 ## - TARGET AUDIENCE NOTE | |
| Target audience note | |
| 541 ## - IMMEDIATE SOURCE OF ACQUISITION NOTE | |
| -- | 1 |
| 562 ## - COPY AND VERSION IDENTIFICATION NOTE | |
| Number of copies | 1 |
| 650 ## - SUBJECT ADDED ENTRY--TOPICAL TERM | |
| Topical term or geographic name as entry element | Reformation. |
| 9 (RLIN) | 962 |
| 942 ## - ADDED ENTRY ELEMENTS (KOHA) | |
| Source of classification or shelving scheme | Library of Congress Classification |
| Koha item type | |
| Call number prefix | |
| Withdrawn status | Lost status | Source of classification or shelving scheme | Damaged status | Home library | Current library | Shelving location | Date acquired | Total Checkouts | Full call number | Barcode | Date last seen | Copy number | Price effective from | Koha item type |
|---|---|---|---|---|---|---|---|---|---|---|---|---|---|---|
| Library of Congress Classification | Luxembourg Library | Luxembourg Library | Teachers Reference Section | 03/22/2013 | BR 305.3 .C64 2006 | 16098 | 08/13/2013 | 1 | 10/03/2013 | Books |